Apró közlemények A Kemcnes-hez. A Füss-Füves-hez.Dunántúli Berettyó.Gyócsér és gyolcsi földek (Csallóköz).Forgósziget. [... etc.]

Elmentve itt :
Bibliográfiai részletek
Dokumentumtípus: Cikk
Megjelent: 1924
Sorozat:Föld és ember 4 No. 3
Kulcsszavak:Földrajztudomány
Online Access:http://acta.bibl.u-szeged.hu/10382
LEADER 00624nab a2200157 i 4500
001 acta10382
005 20210624082156.0
008 161015s1924 hu o 0|| hun d
040 |a SZTE Egyetemi Kiadványok Repozitórium  |b hun 
041 |a hun 
245 0 0 |a Apró közlemények   |h [elektronikus dokumentum] :  |b A Kemcnes-hez. A Füss-Füves-hez.Dunántúli Berettyó.Gyócsér és gyolcsi földek (Csallóköz).Forgósziget. [... etc.] 
260 |c 1924 
300 |a 120-124 
490 0 |a Föld és ember  |v 4 No. 3 
695 |a Földrajztudomány 
856 4 0 |u http://acta.bibl.u-szeged.hu/10382/1/fold_004_003_120-124.pdf  |z Dokumentum-elérés